Mutis y la Real expedición botánica del Nuevo Reyno de Granada (Registro nro. 314058)

Detalles MARC
000 -ENCABEZADO
Número de control [NR] 01411cam a22002894a 4500
001 - NÚMERO DE CONTROL
control field 15785628
005 - FECHA Y HORA DE LA ÚLTIMA TRANSACCIÓN
control field 20190718105654.0
008 - DE LONGITUD FIJA DE DATOS DE ELEMENTOS - INFORMACIÓN GENERAL
Elementos de longitud fija [NR] 190718s2008 sp a b 000 0 spa
010 ## - NUMERO DE CONTROL DE LA BIBLIOTECA DEL CONGRESO (LC) [NR]
Número de control LC [NR] 2009471664
020 ## - NUMERO INTERNACIONAL NORMALIZADO PARA LIBROS [R]
Número Internacional Normalizado del libro [NR] 9788497855280
040 ## - FUENTE DE CATALOGACION [NR]
Agencia de catalogación original [NR] CO-BoUCM
Quien Cataloga Saul Niño
Quien Clasifica Saul Niño
Idioma de catalogación [NR] spa
041 0# - CODIGO DE IDIOMA [R]
Código de idioma para texto/pista de sonido o título separado [R] Español
-- Inglés
245 00 - MENCION DE TITULO [NR]
Título [NR] Mutis y la Real expedición botánica del Nuevo Reyno de Granada
Mención de responsabilidad, etc. [NR] edición científica, Ma. Pilar de San Pío Aladrén
246 33 - FORMA VARIANTE DEL TITULO [R]
Título propiamente dicho/forma breve del título [NR] Mutis and the royal botanical expedition of the nuevo reyno de Granada
Parte restante del título [NR] [Mutis y la Real expedición botánica del Nuevo Reino de Granada]
260 ## - PUBLICACION, DISTRIBUCION, ETC. (PIE DE IMPRENTA) [R]
Lugar de publicación, distribución, etc. [R] Barcelona
Nombre del editor, distribuidor, etc. [R] Lunwerg Editores
-- Real Jardín Botánico, Consejo Superior de Investigaciones Científicas, Madrid
Fecha de publicación, distribución, etc. [R] 2008
300 ## - DESCRIPCION FISICA [R]
Extensión [R] 359 páginas
Otros detalles físicos [NR] ilustraciones
Material acompañante [NR] 1 Folleto (60 páginas)
546 ## - NOTA DE IDIOMA [R]
Nota de idioma [NR] Texto en español. Folleto en inglés
600 10 - ASIENTO SECUNDARIO DE MATERIA - NOMBRE PERSONAL [R]
Nombre personal [NR] Mutis, José Celestino
Fechas asociadas con el nombre [NR] 1732-1808
9 (RLIN) 766
600 10 - ASIENTO SECUNDARIO DE MATERIA - NOMBRE PERSONAL [R]
Nombre personal [NR] Mutis, José Celestino
Fechas asociadas con el nombre [NR] 1732-1808
Subdivisión general [R] Herbarios
Subdivisión de forma [R] Catálogos
9 (RLIN) 97708
610 20 - ASIENTO SECUNDARIO DE MATERIA - NOMBRE CORPORATIVO [R]
Nombre corporativo o nombre de la jurisdicción como elemento de entrada [NR] Real Jardín Botánico (España)
Unidad subordinada [R] Herbarios
Subdivisión de forma [R] Catálogos
9 (RLIN) 97709
611 20 - ASIENTO SECUNDARIO DE MATERIA - NOMBRE DE LA REUNION [R]
Nombre de la reunión o nombre de la jurisdicción como elemento de entrada [NR] Real Expedición Botánica del Nuevo Reino de Granada
Fecha de la reunión [NR] (1783-1816)
Subdivisión general [R] Historia
9 (RLIN) 97710
650 #7 - ASIENTO SECUNDARIO DE MATERIA - TERMINO TEMATICO [R]
Término temático o nombre geográfico como elemento de entrada [NR] Botánica
Subdivisión general [R] Historia
Subdivisión geográfica [R] Colombia
9 (RLIN) 10201
650 #7 - ASIENTO SECUNDARIO DE MATERIA - TERMINO TEMATICO [R]
Término temático o nombre geográfico como elemento de entrada [NR] Botánicos
Subdivisión geográfica [R] España
9 (RLIN) 7347
700 1# - ASIENTO SECUNDARIO - NOMBRE PERSONAL [R]
Nombre personal [NR] San Pío Aladrén, Pilar
9 (RLIN) 97711
Término de relación [R] editor
942 ## - ELEMENTOS DE ENTRADA AGREGADOS (KOHA)
Sistema de clasificación DEWEY
Tema principal Ciencias aplicadas
Tipo de ítem principal el descrito en 300a Libro
Edición 1
Clasificación 581.072
Parte restante de la signatura top. M992u
Existencias
Fecha de último préstamo Total préstamos Signatura topográfica Código de barras Última vez visto Ejemplar Costo de reposición Price effective from Tipo de ítem Nota pública (OPAC) Perdido Sistema de clasificación Dañado No prestable Tipo de ítem específico Suprimido Ubicación habitual Ubicación actual Localización Fecha de creación Proveedor Forma de adquisición Costo Volúmen / Fascículo
28/09/2023 1 581.072 M992u 100161908 12/12/2025 Ej.1 26000.00 18/07/2019 Libro Spot Historia de la Medicina   DEWEY     Libro   Quinta de Mutis Quinta de Mutis 3er piso 18/07/2019 12 Donación 0.00  
    581.072 M992u 100161909 12/12/2025 Ej.1 26000.00 18/07/2019 Libro Spot Historia de la Medicina   DEWEY     Folleto   Quinta de Mutis Quinta de Mutis 3er piso 18/07/2019 12 Donación 0.00 Folleto